000 01468nam a2200373 a 4500
001 ebr10439110
003 CaPaEBR
006 m u
007 cr cn|||||||||
008 090403s2009 ne sb 001 0 eng d
010 _z 2009014372
020 _z9789004174481 (hardback : alk. paper)
020 _z9004174486 (hardback : alk. paper)
020 _z9789047427940 (e-book)
040 _aCaPaEBR
_cCaPaEBR
035 _a(OCoLC)695988905
043 _ae-bw---
050 1 4 _aDK507.54
_b.S3 2009eb
082 0 4 _a947.8/084
_222
100 1 _aSavchenko, Andrew.
245 1 0 _aBelarus
_h[electronic resource] :
_ba perpetual borderland /
_cby Andrew Savchenko.
260 _aLeiden [Netherlands] ;
_aBoston :
_bBrill,
_c2009.
300 _ax, 239 p.
490 1 _aRussian history and culture,
_x1877-7791 ;
_vv. 2
504 _aIncludes bibliographical references and index.
533 _aElectronic reproduction.
_bPalo Alto, Calif. :
_cebrary,
_d2013.
_nAvailable via World Wide Web.
_nAccess may be limited to ebrary affiliated libraries.
651 0 _aBelarus
_xHistory.
651 0 _aBelarus
_xPolitics and government.
651 0 _aBelarus
_xEconomic conditions.
655 7 _aElectronic books.
_2local
710 2 _aebrary, Inc.
830 0 _aRussian history and culture (Leiden, Netherlands) ;
_vv. 2.
856 4 0 _uhttp://site.ebrary.com/lib/rucke/Doc?id=10439110
_zAn electronic book accessible through the World Wide Web; click to view
999 _c244361
_d244361